[Event "GER-ch U18 Girls"]
[Site "Willingen"]
[Date "2008.05.12"]
[Round "3"]
[White "Mucha, Annegret"]
[Black "Vollak, Marleen"]
[Result "1/2-1/2"]
[WhiteElo "1945"]
[BlackElo "1858"]
[PlyCount "126"]
[EventDate "2008.05.11"]
[EventType "swiss"]
[EventRounds "9"]
[EventCountry "GER"]
[SourceTitle "CBM 124 Extra"]
[Source "ChessBase"]
[SourceDate "2008.07.03"]
[SourceVersion "1"]
[SourceVersionDate "2008.07.03"]
[SourceQuality "1"]

1. Nc3 c5 2. e4 Nc6 3. Bb5 Nd4 4. Bc4 e6 5. Nf3 d6 6. Nxd4 cxd4 7. Ne2 Qb6 8. d3 g6 9. 0-0 Bg7 10. Bb3 Ne7 11. Bg5 Nc6 12. f4 Bd7 13. Kh1 Na5 14. f5 Nxb3 15. axb3 gxf5 16. exf5 e5 17. Ng3 f6 18. Bh4 Ke7 19. Nh5 Rhg8 20. Nxg7 Rxg7 21. Qh5 Qc6 22. Rf2 Rag8 23. Rg1 Rf7 24. h3 b6 25. Kh2 d5 26. g4 e4 27. Re2 Qd6+ 28. Bg3 Qc6 29. Qh6 Kd8 30. Qf4 Re8 31. dxe4 Rxe4 32. Qf2 Rfe7 33. Rge1 Qc5 34. Bh4 Qc7+ 35. Kg1 Qd6 36. g5 Rxe2 37. Rxe2 Rxe2 38. Qxe2 fxg5 39. Bxg5+ Kc8 40. Qf3 Qe5 41. c3 Qxf5 42. Qxf5 Bxf5 43. h4 dxc3 44. bxc3 a5 45. Kf2 Bc2 46. b4 a4 47. Bc1 Kd7 48. Ke3 h5 49. Kd4 Bb3 50. Ke5 Kc6 51. Bb2 Kb5 52. Kd4 Bc4 53. Ba3 Ba2 54. Bb2 Kc6 55. Ke5 Kd7 56. Bc1 Ke7 57. Ba3 Bc4 58. Bb2 Kf7 59. Bc1 Ke7 60. Ba3 Kd7 61. Bb2 Kc6 62. Bc1 Kb5 63. Kd4 Kc6 1/2-1/2

[Event "GER-ch U18 Girls"]
[Site "Willingen"]
[Date "2007.05.31"]
[Round "8"]
[White "Vollak, Marleen"]
[Black "Guennigmann, Laura"]
[Result "1-0"]
[WhiteElo "1864"]
[BlackElo "1681"]
[PlyCount "79"]
[EventDate "2007.05.26"]
[EventType "swiss"]
[EventRounds "9"]
[EventCountry "GER"]
[SourceTitle "CBM 118 Extra"]
[Source "ChessBase"]
[SourceDate "2007.07.04"]
[SourceVersion "1"]
[SourceVersionDate "2007.07.04"]
[SourceQuality "1"]

1. Nc3 c5 2. Nf3 Nc6 3. d4 cxd4 4. Nxd4 Nf6 5. Bg5 e6 6. a3 d6 7. e4 a6 8. Be2 Be7 9. Be3 Bd7 10. 0-0 0-0 11. f4 Qc7 12. Bf3 Rab8 13. Qe1 b5 14. Qg3 b4 15. axb4 Rxb4 16. Nb3 a5 17. Rfd1 Ra8 18. Ra3 a4 19. Nd4 Nxd4 20. Bxd4 Rab8 21. e5 Ne8 22. Kh1 Bc6 23. Ne4 Bxe4 24. Bxe4 d5 25. Bf3 Qxc2 26. Raa1 Qg6 27. Qe1 Nc7 28. Be2 Qe4 29. Bc3 R4b7 30. Rd4 Qf5 31. Rdxa4 Nb5 32. Bb4 Bf8 33. Qd2 Rb6 34. Ra8 Nc7 35. Rxb8 Rxb8 36. Bd6 Bxd6 37. exd6 Ne8 38. d7 Nd6 39. Qb4 Nb7 40. Qxb7 1-0

[Event "GER-ch U18 Girls"]
[Site "Willingen"]
[Date "2007.05.30"]
[Round "7"]
[White "Mucha, Annegret"]
[Black "Vollak, Marleen"]
[Result "1/2-1/2"]
[WhiteElo "1891"]
[BlackElo "1864"]
[PlyCount "87"]
[EventDate "2007.05.26"]
[EventType "swiss"]
[EventRounds "9"]
[EventCountry "GER"]
[SourceTitle "CBM 118 Extra"]
[Source "ChessBase"]
[SourceDate "2007.07.04"]
[SourceVersion "1"]
[SourceVersionDate "2007.07.04"]
[SourceQuality "1"]

1. e4 c5 2. Nc3 e6 3. g3 d6 4. Bg2 Nc6 5. d3 g6 6. Be3 Bg7 7. Qd2 Rb8 8. Nge2 Nd4 9. Nd1 Nxe2 10. Qxe2 Ne7 11. h4 Nc6 12. c3 Bd7 13. h5 Qa5 14. Bd2 b5 15. f4 Qd8 16. Ne3 Qe7 17. h6 Bf8 18. g4 Qd8 19. g5 Be7 20. 0-0 0-0 21. Ng4 f6 22. gxf6 Bxf6 23. Nxf6+ Qxf6 24. Qg4 Rbc8 25. Rae1 a5 26. Rf2 b4 27. Qg3 a4 28. Rc1 Qe7 29. cxb4 cxb4 30. Be3 Na5 31. Rfc2 Qf7 32. Bh3 b3 33. Rxc8 Rxc8 34. Rxc8+ Bxc8 35. a3 Ba6 36. Bd4 Nc6 37. Bc3 Bc8 38. Qf2 Qb7 39. Qh4 Qf7 40. Kg2 Bd7 41. Kg3 e5 42. Bxd7 Qxd7 43. Qg5 Qe6 44. f5 1/2-1/2

[Event "GER-ch U18 Girls"]
[Site "Willingen"]
[Date "2007.05.29"]
[Round "5"]
[White "Dobrusina, Anna"]
[Black "Vollak, Marleen"]
[Result "0-1"]
[WhiteElo "1542"]
[BlackElo "1864"]
[PlyCount "104"]
[EventDate "2007.05.26"]
[EventType "swiss"]
[EventRounds "9"]
[EventCountry "GER"]
[SourceTitle "CBM 118 Extra"]
[Source "ChessBase"]
[SourceDate "2007.07.04"]
[SourceVersion "1"]
[SourceVersionDate "2007.07.04"]
[SourceQuality "1"]

1. e4 c5 2. Nf3 e6 3. d4 cxd4 4. Nxd4 a6 5. a4 Qc7 6. Nc3 Nf6 7. Be2 Bb4 8. Qd3 Nxe4 9. Bd2 Nxd2 10. Qxd2 b6 11. 0-0 Bb7 12. Rad1 0-0 13. Nd5 Bxd5 14. Qxb4 Nc6 15. Nxc6 Qxc6 16. Rxd5 Qxd5 17. Bf3 Qc5 18. Qxc5 bxc5 19. Bxa8 Rxa8 20. f4 Rb8 21. b3 Kf8 22. Rd1 Ke7 23. Kf2 c4 24. bxc4 Rb4 25. Rd4 Rxa4 26. Ke3 Ra2 27. Rd2 d6 28. Kd4 Ra5 29. Re2 Kd7 30. c3 Kc6 31. g3 Ra4 32. Rb2 Kc7 33. Kd3 Ra5 34. Kd4 h6 35. Ke4 g5 36. fxg5 hxg5 37. Kd3 f5 38. Re2 e5 39. Rf2 f4 40. gxf4 exf4 41. Ke4 Kc6 42. Rd2 Rc5 43. Ra2 a5 44. Kd4 Re5 45. Rf2 a4 46. h3 Ra5 47. Ra2 a3 48. Ke4 Kc5 49. Kd3 Ra4 50. Ke4 Kxc4 51. Kf5 Ra5+ 52. Ke6 Kb3 0-1

[Event "GER-ch U18 Girls"]
[Site "Willingen"]
[Date "2007.05.28"]
[Round "3"]
[White "Thiele, Andra"]
[Black "Vollak, Marleen"]
[Result "0-1"]
[WhiteElo "1626"]
[BlackElo "1864"]
[PlyCount "77"]
[EventDate "2007.05.26"]
[EventType "swiss"]
[EventRounds "9"]
[EventCountry "GER"]
[SourceTitle "CBM 118 Extra"]
[Source "ChessBase"]
[SourceDate "2007.07.04"]
[SourceVersion "1"]
[SourceVersionDate "2007.07.04"]
[SourceQuality "1"]

1. e4 c5 2. Nc3 e6 3. f4 d6 4. Bc4 a6 5. a4 Nc6 6. Nf3 Nf6 7. d3 Be7 8. 0-0 0-0 9. Kh1 d5 10. Ba2 dxe4 11. dxe4 b6 12. e5 Ng4 13. h3 Nh6 14. Ne2 Bb7 15. Be3 Nb4 16. Bb3 Nf5 17. Bd2 Nd5 18. Bxd5 Bxd5 19. Kh2 Qc7 20. Qe1 Qb7 21. Qf2 Rfd8 22. Bc3 b5 23. b3 Rd7 24. g4 Nh6 25. Qg3 Rad8 26. Nh4 b4 27. Bb2 c4 28. f5 c3 29. Bc1 Bxh4 30. Qxh4 Qb8 31. f6 Qxe5+ 32. Bf4 Qxe2+ 33. Rf2 Qe4 34. Bxh6 gxh6 35. Qxh6 Qg6 36. Qh4 Bc6 37. g5 Rd2 38. Raf1 Qxc2 39. Qxb4 0-1

[Event "GER-chT U20 Girls"]
[Site "Torgelow"]
[Date "2006.12.27"]
[Round "2.1"]
[White "Giss, Helene"]
[Black "Vollak, Marleen"]
[Result "1-0"]
[WhiteElo "2047"]
[BlackElo "1861"]
[PlyCount "33"]
[EventDate "2006.12.27"]
[EventType "team-swiss"]
[EventRounds "7"]
[EventCountry "GER"]
[SourceTitle "EXT 2008"]
[Source "ChessBase"]
[SourceDate "2007.11.25"]
[SourceVersion "1"]
[SourceVersionDate "2007.11.25"]
[SourceQuality "1"]
[WhiteTeam "Ichenhausen U20 Girls"]
[BlackTeam "Ruedersdorf Glueckauf U20 Girls"]
[WhiteTeamCountry "GER"]
[BlackTeamCountry "GER"]

1. e4 c5 2. d3 d5 3. exd5 Qxd5 4. Nf3 Nf6 5. Nc3 Qd8 6. Be3 b6 7. d4 cxd4 8. Bb5+ Bd7 9. Nxd4 Bxb5 10. Qf3 Na6 11. Ndxb5 g6 12. Rd1 Qc8 13. Ne4 Nd7 14. 0-0 Rb8 15. Bd4 Rg8 16. Rfe1 Qxc2 17. Ned6+ 1-0

[Event "GER-ch U16 Girls"]
[Site "Willingen"]
[Date "2006.06.05"]
[Round "4"]
[White "Zikeli, Saskia"]
[Black "Vollak, Marleen"]
[Result "1-0"]
[WhiteElo "1985"]
[BlackElo "1866"]
[PlyCount "105"]
[EventDate "2006.06.03"]
[EventType "swiss"]
[EventRounds "9"]
[EventCountry "GER"]
[SourceTitle "EXT 2007"]
[Source "ChessBase"]
[SourceDate "2006.11.23"]
[SourceVersion "1"]
[SourceVersionDate "2006.11.23"]
[SourceQuality "1"]

1. e4 c5 2. Nf3 d6 3. d4 cxd4 4. Nxd4 Nf6 5. Nc3 e6 6. g4 a6 7. g5 Nfd7 8. Be3 b5 9. h4 Ne5 10. h5 Bb7 11. f3 Nbc6 12. Be2 Rb8 13. Rg1 Qa5 14. f4 Nc4 15. Bxc4 bxc4 16. g6 hxg6 17. hxg6 Rh3 18. gxf7+ Kxf7 19. Nf3 Be7 20. Ng5+ Bxg5 21. Rxg5 Rh1+ 22. Rg1 Rxg1+ 23. Bxg1 Ke7 24. Qg4 Rg8 25. 0-0-0 Qc7 26. f5 Ne5 27. Qg5+ Kd7 28. fxe6+ Kxe6 29. Qf5+ Ke7 30. Be3 Qd7 31. Qg5+ Ke8 32. Bf4 Qe7 33. Qg1 g5 34. Bg3 Rf8 35. Qb6 Rf6 36. Rh1 Nf7 37. Qd4 Re6 38. Re1 Qc7 39. Qg7 Qc5 40. Qg8+ Ke7 41. Qb8 Qc8 42. Qa7 Qd7 43. Qd4 Qc7 44. Rf1 Ne5 45. Qf2 Kd8 46. Qf8+ Re8 47. Qh6 Nf7 48. Qg7 Ne5 49. Bxe5 dxe5 50. Rf7 Re7 51. Qf8+ Re8 52. Qxe8+ Kxe8 53. Rxc7 1-0

[Event "GER-chT U14 Girls"]
[Site "Dittrichshuette"]
[Date "2004.12.29"]
[Round "5.1"]
[White "Zikeli, Saskia"]
[Black "Vollak, Marleen"]
[Result "1-0"]
[WhiteElo "1884"]
[BlackElo "1625"]
[PlyCount "85"]
[EventDate "2004.12.27"]
[EventType "team"]
[EventRounds "6"]
[EventCountry "GER"]
[SourceTitle "EXT 2006"]
[Source "ChessBase"]
[SourceDate "2005.11.24"]
[SourceVersion "1"]
[SourceVersionDate "2005.11.24"]
[SourceQuality "1"]

1. e4 c5 2. Nf3 e6 3. d4 cxd4 4. Nxd4 Nf6 5. Nc3 Bb4 6. e5 Nd5 7. Qg4 Kf8 8. Qg3 Qa5 9. Bd2 Nxc3 10. bxc3 Be7 11. Bd3 Nc6 12. f4 d6 13. exd6 Bxd6 14. Nxc6 bxc6 15. 0-0 f6 16. Rae1 Kf7 17. Kh1 Rb8 18. Qe3 Qc5 19. Qe2 g6 20. Bc4 Re8 21. f5 Qe5 22. fxg6+ hxg6 23. Qxe5 Bxe5 24. Rxe5 Kg7 25. Re2 e5 26. Ref2 f5 27. Be3 a5 28. Bc5 Be6 29. Bb3 Rb5 30. Ba3 Rb7 31. Rd2 e4 32. Rd6 Bd5 33. Bxd5 cxd5 34. Rxd5 e3 35. g3 e2 36. Re1 Rc7 37. Rd2 Kh7 38. Rdxe2 Rxe2 39. Rxe2 Rxc3 40. Bb2 Rc7 41. h4 a4 42. Re8 g5 43. h5 1-0

[Event "GER-ch U14 Girls"]
[Site "Willingen"]
[Date "2004.06.01"]
[Round "6"]
[White "Zier, Verena"]
[Black "Vollak, Marleen"]
[Result "1/2-1/2"]
[WhiteElo "1605"]
[BlackElo "1569"]
[PlyCount "47"]
[EventDate "2004.06.??"]
[EventType "swiss"]
[EventRounds "9"]
[EventCountry "GER"]
[SourceTitle "EXT 2005"]
[Source "ChessBase"]
[SourceDate "2004.11.15"]
[SourceVersion "1"]
[SourceVersionDate "2004.11.15"]
[SourceQuality "1"]

1. d4 Nf6 2. c4 e6 3. Nc3 d5 4. cxd5 exd5 5. Bg5 Nbd7 6. e3 c6 7. Qc2 Qa5 8. Bd3 Bd6 9. Nf3 0-0 10. 0-0 Re8 11. Rac1 Qd8 12. Bxh7+ Kh8 13. Bd3 Nf8 14. Rfe1 Bg4 15. Be2 N8h7 16. Bh4 Qd7 17. Ng5 Nxg5 18. Bxg5 Ne4 19. Nxe4 dxe4 20. Bh4 Bxe2 21. Qxe2 Re6 22. Bg3 Rh6 23. a3 Re8 24. Red1 1/2-1/2

[Event "GER-ch U14 Girls"]
[Site "Willingen"]
[Date "2004.05.31"]
[Round "4"]
[White "Dittrich, Jacqueline"]
[Black "Vollak, Marleen"]
[Result "0-1"]
[WhiteElo "1518"]
[BlackElo "1569"]
[PlyCount "172"]
[EventDate "2004.06.??"]
[EventType "swiss"]
[EventRounds "9"]
[EventCountry "GER"]
[SourceTitle "EXT 2005"]
[Source "ChessBase"]
[SourceDate "2004.11.15"]
[SourceVersion "1"]
[SourceVersionDate "2004.11.15"]
[SourceQuality "1"]

1. Nc3 c5 2. Nf3 e6 3. e4 a6 4. g3 g6 5. Bg2 Bg7 6. d3 Nc6 7. 0-0 Nge7 8. Be3 d6 9. Qd2 0-0 10. Bh6 Rb8 11. Bxg7 Kxg7 12. a4 Bd7 13. d4 cxd4 14. Nxd4 Qc7 15. Rfd1 Rfd8 16. Kf1 Na5 17. b3 Rbc8 18. Nde2 Be8 19. Rac1 b6 20. Qd3 Qa7 21. Nf4 Nb7 22. Qf3 Nc5 23. Bh3 Bc6 24. Nd3 d5 25. Ne5 Be8 26. exd5 Qb7 27. dxe6 Qxf3 28. Nxf3 Rxd1+ 29. Nxd1 fxe6 30. Nd4 Kf6 31. Ne3 Bf7 32. Nc4 Nxa4 33. f4 Rd8 34. Nf3 b5 35. Nce5 Nc5 36. Nxf7 Kxf7 37. Ng5+ Kg7 38. Nxe6+ Nxe6 39. Bxe6 Rd2 40. Kg1 a5 41. c4 Kf6 42. Bg4 bxc4 43. bxc4 Nc6 44. c5 a4 45. Ra1 Rc2 46. Rxa4 Rxc5 47. Ra6 Kg7 48. Ra2 Kh6 49. Bf3 Nd4 50. Kg2 Rc3 51. Be2 Rb3 52. Rd2 Rb4 53. h3 Ra4 54. h4 Rb4 55. Bd1 Nf5 56. Kh3 Ne3 57. Rd3 Nxd1 58. Rxd1 Ra4 59. Rd7 Rb4 60. Kg4 Ra4 61. Rd6 Ra5 62. Re6 Ra4 63. h5 Ra5 64. hxg6 hxg6 65. Re5 Ra4 66. Re1 Rb4 67. Rf1 Kg7 68. Kg5 Ra4 69. f5 gxf5 70. Rxf5 Ra1 71. g4 Ra2 72. Rd5 Rg2 73. Rd7+ Kg8 74. Kh5 Rg1 75. g5 Kf8 76. Kg6 Rg2 77. Rd8+ Ke7 78. Rg8 Rg1 79. Rb8 Rg2 80. Rb5 Kf8 81. Rb4 Rg1 82. Rh4 Kg8 83. Rc4 Kf8 84. Kh5 Kg7 85. Rc7+ Kg8 86. Kg6 Kf8 0-1

[Event "GER-ch U14 Girls"]
[Site "Willingen"]
[Date "2004.05.30"]
[Round "1"]
[White "Vollak, Marleen"]
[Black "Ludwig, Lisa"]
[Result "1-0"]
[WhiteElo "1569"]
[BlackElo "1224"]
[PlyCount "95"]
[EventDate "2004.06.??"]
[EventType "swiss"]
[EventRounds "9"]
[EventCountry "GER"]
[SourceTitle "EXT 2005"]
[Source "ChessBase"]
[SourceDate "2004.11.15"]
[SourceVersion "1"]
[SourceVersionDate "2004.11.15"]
[SourceQuality "1"]

1. d4 g6 2. c4 Bg7 3. Nc3 d6 4. e4 Nf6 5. Bg5 h6 6. Be3 0-0 7. f3 e5 8. d5 b6 9. Bd3 Bb7 10. Nge2 Nbd7 11. Qd2 Kh7 12. g4 Ng8 13. Ng3 Nc5 14. Bc2 a5 15. h4 Ba6 16. Nb5 Ne7 17. b3 Qd7 18. Nc3 Rac8 19. a4 Bb7 20. 0-0-0 Na6 21. Kb1 Nb4 22. Rdg1 Rb8 23. f4 exf4 24. Bxf4 Rbe8 25. Be3 Rb8 26. e5 Nxc2 27. Qxc2 Kg8 28. Qd2 Kh7 29. h5 g5 30. Qd3+ Kg8 31. exd6 Qxd6 32. Nb5 Qd7 33. Nd4 Rfd8 34. Ndf5 Nxf5 35. Nxf5 Bf8 36. Qc3 c6 37. Bxb6 Rdc8 38. Bc5 Qd8 39. d6 Ba6 40. Ka2 Rb7 41. Rb1 Rcb8 42. Rhe1 Rd7 43. Re7 Bc8 44. Qf6 Rxe7 45. dxe7 Qd2+ 46. Ka1 Bxf5 47. exf8Q+ Rxf8 48. Bd4 1-0

[Event "GER-chT U14 Girls"]
[Site "Greifswald"]
[Date "2003.12.28"]
[Round "4.1"]
[White "Vollak, Marleen"]
[Black "Gahn, Juliane"]
[Result "1-0"]
[WhiteElo "1636"]
[BlackElo "1342"]
[PlyCount "59"]
[EventDate "2003.12.27"]
[EventType "team-swiss"]
[EventRounds "7"]
[EventCountry "GER"]
[SourceTitle "EXT 2022"]
[Source "ChessBase"]
[SourceDate "2021.10.06"]
[SourceVersion "1"]
[SourceVersionDate "2021.10.06"]
[SourceQuality "1"]
[WhiteTeam "Ruedersdorf Glueckauf U14 Girls"]
[BlackTeam "Delitzsch ESV U14 Girls"]
[WhiteTeamCountry "GER"]
[BlackTeamCountry "GER"]

1. d4 Nf6 2. c4 c5 3. d5 b5 4. Nf3 g6 5. cxb5 a6 6. Nc3 axb5 7. Qc2 d6 8. e4 Ba6 9. Bxb5+ Bxb5 10. Nxb5 Nbd7 11. 0-0 Bg7 12. Rd1 0-0 13. a4 Nb8 14. Bd2 Qb6 15. Bc3 Na6 16. Qe2 Rfb8 17. e5 Ne8 18. exd6 exd6 19. Nd2 Bf8 20. Nc4 Qd8 21. Qf3 Rc8 22. Re1 Nb4 23. Re2 Rcb8 24. Rxe8 Qg5 25. Rxb8 Rxb8 26. Ncxd6 Bxd6 27. Nxd6 Qe7 28. Qf6 Qxf6 29. Bxf6 Nxd5 30. Be5 1-0

[Event "GER-ch (Women)"]
[Site "Altenkirchen"]
[Date "2003.07.30"]
[Round "6"]
[White "Thiery, Jennifer"]
[Black "Vollak, Marleen"]
[Result "1-0"]
[WhiteElo "1688"]
[BlackElo "1454"]
[PlyCount "45"]
[EventDate "2003.07.25"]
[EventType "swiss"]
[EventRounds "9"]
[EventCountry "GER"]
[SourceTitle "CBM 095 Extra"]
[Source "ChessBase"]
[SourceDate "2003.09.04"]
[SourceVersion "1"]
[SourceVersionDate "2003.09.04"]
[SourceQuality "1"]

1. e4 c5 2. Nf3 e6 3. d4 cxd4 4. Nxd4 Nc6 5. Nc3 Qc7 6. Be2 a6 7. 0-0 Nf6 8. Bg5 Be7 9. Qd2 b5 10. a3 0-0 11. Rad1 Rb8 12. Nb3 Rd8 13. f4 e5 14. fxe5 Nxe5 15. Bxf6 Bxf6 16. Nd5 Qa7+ 17. Kh1 Bb7 18. Nxf6+ gxf6 19. Rxf6 Rbc8 20. Qg5+ Ng6 21. Bd3 Re8 22. Rdf1 Re7 23. Rxg6+ 1-0

[Event "GER-ch (Women)"]
[Site "Altenkirchen"]
[Date "2003.07.28"]
[Round "4"]
[White "Lorenz, Oda"]
[Black "Vollak, Marleen"]
[Result "1-0"]
[WhiteElo "1962"]
[BlackElo "1454"]
[PlyCount "81"]
[EventDate "2003.07.25"]
[EventType "swiss"]
[EventRounds "9"]
[EventCountry "GER"]
[SourceTitle "CBM 095 Extra"]
[Source "ChessBase"]
[SourceDate "2003.09.04"]
[SourceVersion "1"]
[SourceVersionDate "2003.09.04"]
[SourceQuality "1"]

1. e4 c5 2. d4 cxd4 3. c3 dxc3 4. Nxc3 Nc6 5. Nf3 e6 6. Bc4 a6 7. 0-0 Nge7 8. Qe2 b5 9. Bb3 Bb7 10. a3 Ng6 11. Rd1 Be7 12. Be3 0-0 13. Rac1 Rc8 14. h3 d6 15. Nh2 Nce5 16. f4 Nc4 17. Ng4 Qc7 18. Qf2 Nxe3 19. Nxe3 Qb8 20. f5 exf5 21. Nxf5 Kh8 22. Qd4 f6 23. Nxe7 Nxe7 24. Qxd6 Qxd6 25. Rxd6 Rcd8 26. Rcd1 Rxd6 27. Rxd6 Ng6 28. Rd7 Bc8 29. Ra7 h6 30. Nd5 Rd8 31. Ra8 Rf8 32. Ra7 Rd8 33. Nb6 Ne5 34. Ra8 Nd3 35. Nxc8 Nxb2 36. Be6 Na4 37. Bf5 Nc5 38. Kh2 Re8 39. Kg3 Nxe4+ 40. Bxe4 Rxe4 41. Nd6+ 1-0

[Event "GER-ch U14 Girls"]
[Site "Willingen"]
[Date "2003.06.10"]
[Round "6"]
[White "Mucha, Annegret"]
[Black "Vollak, Marleen"]
[Result "0-1"]
[WhiteElo "1409"]
[BlackElo "1454"]
[PlyCount "112"]
[EventDate "2003.06.08"]
[EventType "swiss"]
[EventRounds "9"]
[EventCountry "GER"]
[SourceTitle "CBM 094 Extra"]
[Source "ChessBase"]
[SourceDate "2003.07.09"]
[SourceVersion "2"]
[SourceVersionDate "2003.07.09"]
[SourceQuality "1"]

1. e4 c5 2. d4 cxd4 3. c3 dxc3 4. Nxc3 Nc6 5. Nf3 e6 6. Bc4 Qc7 7. Qe2 Nf6 8. e5 Ng4 9. Nb5 Qa5+ 10. Bd2 Bb4 11. Nd6+ Ke7 12. Rd1 Bxd2+ 13. Rxd2 Ngxe5 14. Bb5 f6 15. Nxe5 Nxe5 16. f4 Nf7 17. Nxf7 Kxf7 18. 0-0 Rd8 19. Rfd1 Ke7 20. Qd3 f5 21. Qd6+ Kf7 22. Qe5 a6 23. Bxd7 Qxe5 24. fxe5 Ke7 25. Ba4 Rxd2 26. Rxd2 b5 27. Bc2 a5 28. a3 g5 29. Bd1 Bb7 30. Kf2 Rc8 31. Be2 Rc5 32. g3 Rxe5 33. Rc2 Kd8 34. Bd3 h5 35. Rd2 Kc7 36. Be2 g4 37. Rd4 Bc6 38. Rd2 b4 39. axb4 axb4 40. Rd4 Re4 41. Rd2 f4 42. Rc2 Kd6 43. Bd3 fxg3+ 44. hxg3 Re5 45. Rc1 Bb5 46. Bxb5 Rxb5 47. Ke3 Rc5 48. Rd1+ Ke7 49. Rd2 Rf5 50. Rg2 Kf6 51. Kd4 Rf3 52. Kc4 b3 53. Kd4 Kf5 54. Kc4 e5 55. Kc5 Ke4 56. Kc4 Re3 0-1

[Event "GER-ch U14 Girls"]
[Site "Willingen"]
[Date "2003.06.10"]
[Round "4"]
[White "Vollak, Marleen"]
[Black "Gossmann, Anna Maria"]
[Result "1-0"]
[WhiteElo "1454"]
[BlackElo "1575"]
[PlyCount "65"]
[EventDate "2003.06.08"]
[EventType "swiss"]
[EventRounds "9"]
[EventCountry "GER"]
[SourceTitle "CBM 094 Extra"]
[Source "ChessBase"]
[SourceDate "2003.07.09"]
[SourceVersion "2"]
[SourceVersionDate "2003.07.09"]
[SourceQuality "1"]

1. d4 d5 2. c4 c6 3. Nc3 Nf6 4. cxd5 cxd5 5. Bg5 e6 6. Nf3 Be7 7. e3 0-0 8. Bd3 h6 9. Bh4 Nc6 10. Rc1 Qb6 11. Qe2 Re8 12. 0-0 a6 13. a3 Nd7 14. Bxe7 Rxe7 15. Na4 Qd8 16. Nc5 Nxc5 17. Rxc5 Rc7 18. Rfc1 f6 19. Qc2 Bd7 20. b4 Qe8 21. Qb2 b6 22. R5c2 b5 23. Nd2 Rcc8 24. Nb3 Ne7 25. Nc5 f5 26. Rc3 Rc6 27. Qe2 Rac8 28. Qf3 Qf7 29. g4 fxg4 30. Bh7+ Kf8 31. Nxd7+ Ke8 32. Qxf7+ Kxf7 33. Ne5+ 1-0